[Event "76th ARM-ch Women 2021"]
[Site "Yerevan"]
[Date "2021.02.23"]
[Round "7.1"]
[White "Mkrtchyan, Mariam"]
[Black "Arakelyan, Nare"]
[Result "1-0"]
[WhiteElo "2075"]
[BlackElo "1953"]
[Annotator "TA"]
[PlyCount "125"]
[EventDate "2021.02.16"]
[EventType "tourn"]
[EventCountry "ARM"]
[SourceTitle "playchess.com"]
[Source "ChessBase"]
[SourceQuality "1"]

{[%evp 9,125,22,33,36,24,41,49,54,39,44,37,47,64,86,70,60,175,73,66,26,28,23,131,132,140,130,125,55,73,57,150,142,158,137,149,154,167,170,162,152,262,262,266,264,262,261,260,226,226,229,226,227,215,221,311,224,348,104,95,12,116,110,110,50,60,49,67,41,58,8,127,33,44,16,12,0,0,0,0,0,0,0,0,0,0,0,0,0,0,0,0,0,0,0,0,0,0,0,0,0,0,0,0,0,0,0,0,-16,-12,-11,0,0,0,0,0,0,29979,29979]} 1. g3 d5 2. Bg2 Nf6 3. Nf3 Bf5 4. O-O h6 5. c4 c6 6. cxd5 {A07: Réti Opening: New York and Capablanca Systems.} cxd5 7. Qb3 Qb6 8. Qxb6 {White is slightly better.} axb6 9. Nc3 Nc6 {[#]} 10. Nb5 $146 {aiming for Nc7+.} ({Predecessor:} 10. Nh4 Be4 11. d3 Bxg2 12. Kxg2 e6 13. Nf3 Be7 14. Bd2 Kd7 15. Rfc1 Ra6 16. a3 {½-½ (44) Dubov,D (2666)-Bocharov,I (2517) Kolomna 2016}) 10... Ra5 11. a4 Bc2 12. d3 Rxa4 ({Better is} 12... e5 $14) 13. Bf4 (13. Be3 $18 {is the precise move to win.}) 13... e6 $16 14. Rac1 Bb3 15. Rc3 Rb4 (15... Ba2 $1 $11) 16. Nd6+ Bxd6 17. Bxd6 Rb5 18. Nd2 (18. Ra1 $16) 18... Kd7 $14 {...Nd4 is the strong threat.} 19. Ba3 $1 $36 {[%mdl 2048] White has good play.} Ba2 (19... Nd4 $14 20. Bf3 Rc8) 20. Ra1 $16 d4 {[#]} 21. Rxc6 {[%mdl 512]} bxc6 22. Rxa2 Kc7 23. Ra1 Nd5 24. Rc1 f6 (24... c5 $16 {was necessary.} 25. Nc4 Rd8) 25. Nf3 $1 $18 {[%cal Rf3d4]} e5 26. Nh4 $1 Rd8 27. Nf5 Rd7 28. e3 dxe3 29. Nxe3 (29. fxe3 h5) 29... Kb7 30. Be4 Rb3 31. Nf5 Kc7 (31... g6 {was called for.}) 32. Kf1 b5 {[#]} (32... Rb5 $142 33. d4 g6) 33. Bxd5 $2 (33. Nxg7 $1 $18 {[%mdl 512] is more deadly. Strongly threatening Ne6+.} b4 34. Ne6+ Kd6 35. Nc5) 33... Rxd5 $16 34. Rxc6+ Kb7 (34... Kxc6 $11 35. Ne7+ {[%mdl 64] Double Attack} Kb7 36. Nxd5 Rxd3) 35. Rc3 $1 {[%cal Rc3b3]} Rxd3 {[#]} 36. Rxd3 (36. Bb4 $1 $16 {[%mdl 512]}) 36... Rxd3 $14 37. Bf8 g6 38. Ne3 Rd2 39. b4 Rd4 {[#]} (39... h5 $11 {keeps the balance.}) 40. Ke2 (40. Bc5 $1 $16 {[%cal Rc5d4]} Rd7 41. Ng4) 40... h5 $1 41. Bc5 Rd7 42. Nd1 Kc6 43. Nc3 f5 44. h4 Rd8 45. Ke3 Rd7 46. Ne2 Rd1 47. Be7 Rd7 48. Bc5 Kd5 49. Kd3 Kc6+ 50. Kc3 Kd5 51. f3 Rg7 52. Kd3 g5 53. Nc3+ Kc6 54. hxg5 Rxg5 55. Bf2 Rg8 56. Ke3 Ra8 57. f4 e4 58. Kd4 Rd8+ 59. Ke5 Rd3 60. Ne2 {And now Nd4+ would win.} e3 61. Be1 $1 Rd5+ 62. Ke6 Rd2 $2 {[%mdl 8192]} 63. Bxd2 {Weighted Error Value: White=0.20/Black=0.34} 1-0

[Event "76th ARM-ch Women 2021"]
[Site "Yerevan"]
[Date "2021.02.23"]
[Round "7.2"]
[White "Khachatryan, Veronika"]
[Black "Avetisyan, Mariam"]
[Result "1-0"]
[WhiteElo "1767"]
[BlackElo "2092"]
[Annotator "TA"]
[PlyCount "125"]
[EventDate "2021.02.16"]
[EventType "tourn"]
[EventCountry "ARM"]
[SourceTitle "playchess.com"]
[Source "ChessBase"]
[SourceQuality "1"]

{[%evp 27,125,-33,-33,-39,-18,-33,-33,-33,-35,-28,-36,-28,-19,-45,-12,-13,-12,-15,0,0,0,0,0,-57,-52,-204,-184,-190,-186,-187,-196,-154,-139,-188,-163,-177,-56,-60,0,0,0,0,0,0,17,1,4,8,8,8,12,12,60,17,87,31,207,199,200,200,200,201,821,814,821,773,742,597,597,590,568,463,561,566,735,735,725,695,4898,4839,29964,29965,29960,29964,11030,6095,29983,29984,29986,29986,29986,29986,29987,29987,29987,29983,29983,29983,29983,29982]} 1. c4 e6 2. Nc3 d5 3. d4 Be7 4. Nf3 Nf6 5. Bg5 h6 6. Bh4 O-O 7. e3 b6 8. cxd5 Nxd5 9. Bxe7 Qxe7 10. Nxd5 exd5 11. Qa4 c5 12. Qa3 Be6 13. Rc1 Rc8 14. Bb5 Qb7 15. dxc5 {D59: Queen's Gambit Declined: Tartakower Defence: Main line (8 cxd5 Nxd5).} bxc5 16. Rxc5 Rxc5 17. Qxc5 {Black is slightly better.} Na6 $1 {[%cal Ra6c5]} 18. Bxa6 Qxa6 19. Qa3 $1 {[%cal Ra3a6]} Qc4 20. Qc3 {With the idea Qxc4.} Qxa2 (20... Rb8 $5 {[%cal Rc4c3]} 21. Qxc4 dxc4 $15) 21. O-O Rb8 22. b4 Qa4 23. Ra1 Qxb4 24. Qxb4 Rxb4 $11 {[%mdl 4096] [#] Endgame KRB-KRN} 25. Kf1 $146 (25. h3 $11) ({Predecessor:} 25. h3 Rb7 26. Nd4 Kf8 27. Ra6 Ke7 28. Nc6+ Kd7 29. Nxa7 Kc7 30. Kh2 {0-1 (67) Gotz,K (2028)-Carneiro,V (2044) Guarapari 2012}) 25... Bd7 $15 26. Rxa7 $2 (26. Nd4 $15) 26... Bb5+ 27. Ke1 Rb1+ 28. Kd2 Rb2+ 29. Kc3 Rxf2 30. Ra8+ Kh7 31. Ra7 f6 (31... Be2 $19 32. Rxf7 Rxg2) 32. Nd4 Bc4 (32... Bf1 $1 $15 33. g4 h5) 33. g4 $11 Ra2 34. Re7 Ra3+ 35. Kb4 Ra8 36. Nf5 Rg8 37. e4 h5 38. Kc5 (38. gxh5 Bd3 $15) 38... hxg4 39. exd5 Bd3 40. Ne3 {[%mdl 1024] White has compensation.} f5 (40... Rc8+ $1 $11 41. Kb6 Kg8) 41. d6 (41. Kd4 $16 Be4 42. Nxg4 $1) 41... Rc8+ $2 {[#]} (41... Rd8 $14) 42. Kb6 $1 $18 f4 {[#]} 43. d7 $1 Rd8 {[#]} 44. Kc7 $1 {[%cal Rc7d8]} Rxd7+ (44... Ra8 45. Ng2 (45. Nxg4 Bf5 $16) 45... g3 46. hxg3 fxg3) 45. Rxd7 ({Not} 45. Kxd7 fxe3 46. Rxe3 Bf5+ 47. Kd6 Kg6 $16) 45... Be2 {[#]} 46. Rd2 $1 Bf3 (46... f3 47. Nxg4) 47. Nf1 Kg6 48. Rf2 Kf5 49. Nd2 Ba8 50. Kd6 f3 51. Kc5 Kf4 52. Kd4 g5 53. Nf1 g3 54. hxg3+ Kg4 55. Ke3 Bc6 56. Nh2+ Kxg3 57. Nxf3 {White mates.} g4 58. Ne5 Bd5 59. Rf6 Bb3 60. Rg6 Bd1 61. Kd2 Bf3 62. Nxf3 Kxf3 63. Ke1 {White used his chance.  Weighted Error Value: White=0.22/Black=0.30} 1-0

[Event "76th ARM-ch Women 2021"]
[Site "Yerevan"]
[Date "2021.02.23"]
[Round "7.3"]
[White "Gaboyan, Susanna"]
[Black "Hakobyan, Astghik"]
[Result "0-1"]
[WhiteElo "2211"]
[BlackElo "1820"]
[Annotator "TA"]
[PlyCount "53"]
[EventDate "2021.02.16"]
[EventType "tourn"]
[EventCountry "ARM"]
[SourceTitle "playchess.com"]
[Source "ChessBase"]
[SourceQuality "1"]

{[%evp 10,53,12,6,20,-30,-28,-47,-49,-100,-90,-100,-70,-76,-81,-75,-64,-74,-7,-15,-16,-28,-38,-74,-60,-80,-49,-50,-63,-103,-94,-101,-98,-113,-109,-209,-210,-306,-297,-292,-303,-352,-276,-1529,-1481,-29995]} 1. b3 e5 2. Bb2 Nc6 3. e3 Nf6 4. Nf3 e4 5. Nd4 Nxd4 6. Bxd4 d5 {A01: Nimzowitsch-Larsen Opening.} 7. d3 Bb4+ 8. c3 Bd6 {Black is slightly better.} 9. dxe4 (9. Be2 $15) 9... Nxe4 $17 {[#]} 10. Nd2 $146 ({Don't blunder} 10. Bxg7 $2 Rg8 $17) ({Predecessor:} 10. Qh5 O-O 11. Bd3 Qg5 12. Qxg5 Nxg5 13. c4 dxc4 14. bxc4 Ne6 15. Nd2 Rd8 16. Ke2 {0-1 (33) Postolski,J (2014)-Cimer,E (2201) Buenos Aires 2019}) 10... O-O {[#] And now ...c5 would win.} (10... c5 {is interesting.} 11. Bxg7 Rg8 12. Bb5+ Ke7 13. Nxe4 dxe4 14. Bh6 Qa5) 11. Nxe4 dxe4 12. b4 Qg5 13. h4 Qg6 (13... Qe7 $17) 14. h5 $11 Qg5 15. Qc2 Re8 16. g3 Bg4 17. Bg2 Qf5 18. h6 g6 19. Rh4 a5 20. b5 Rad8 $36 {[%mdl 2048] Black is in control.} 21. Rb1 c5 22. Bg7 (22. bxc6 $17 bxc6 23. Rb7) 22... Re6 $19 23. c4 (23. Rxg4 {is the only way for White.} Qxg4 24. Rd1) 23... Be7 24. Rxg4 Qxg4 25. Kf1 Red6 26. Bxe4 $2 (26. Bc3) 26... Rd2 {[#] ( -> ...Qe2+)} 27. Rb2 {Weighted Error Value: White=0.62/Black=0.16} 0-1

[Event "76th ARM-ch Women 2021"]
[Site "Yerevan"]
[Date "2021.02.23"]
[Round "7.4"]
[White "Grigoryan, Arpine"]
[Black "Gevorgyan, Maria"]
[Result "0-1"]
[WhiteElo "2091"]
[BlackElo "2228"]
[Annotator "TA"]
[PlyCount "176"]
[EventDate "2021.02.16"]
[EventType "tourn"]
[EventCountry "ARM"]
[SourceTitle "playchess.com"]
[Source "ChessBase"]
[SourceQuality "1"]

{[%evp 9,176,20,23,20,14,0,0,0,0,0,0,0,0,0,0,-29,-22,-26,-4,-24,0,-29,0,-30,-4,-10,18,0,22,0,22,0,10,-22,13,0,18,0,41,32,75,66,71,10,29,11,16,0,23,0,31,26,37,17,15,18,20,13,60,-1,0,-8,0,-154,-156,-229,-197,-229,-178,-178,-165,-262,-191,-247,-192,-214,-212,-197,-185,-212,-212,-188,-185,-179,-193,-182,-173,-165,-139,-147,-129,-137,-130,-114,-147,-150,-172,-159,-142,-163,-152,-187,-174,-191,-190,-187,-156,-205,-134,-174,-187,-182,-165,-183,-105,-127,-122,-120,-132,-149,-151,-148,-142,-308,-293,-12099,-11753,-5595,-3584,-29963,-29963,-29963,-29963,-29963,-29962,-29962,-29956,-29965,-29967,-29967,-29968,-29968,-29968,-29967,-29969,-29970,-29970,-29970,-29971,-29969,-29970,-29970,-29971,-29972,-29973,-29973,-29973,-29975,-29974,-29976,-29977,-29979,-29980,-29980,-29979,-29980,-29981,-29982,-29983]} 1. e4 d5 2. exd5 Qxd5 3. Nf3 Bg4 4. Nc3 Qe6+ 5. Qe2 Qxe2+ 6. Bxe2 {B01: Scandinavian Defence.} Nc6 {is the legacy move (6...c6).} 7. Bb5 Bxf3 8. gxf3 {The position is equal.} e6 {[#]} 9. Bxc6+ $146 ({Predecessor:} 9. d4 Nge7 10. Be3 O-O-O 11. O-O-O a6 12. Bxc6 Nxc6 13. Rhg1 b5 14. Kb1 h6 15. d5 exd5 16. Nxd5 {0-1 (41) Schierle,U-Hirscheider,H DESC email 2005}) 9... bxc6 10. d3 Ne7 11. Be3 Nf5 12. Na4 Bd6 13. Ke2 Ke7 14. c3 f6 15. b3 Kf7 16. Nb2 Rhb8 17. Nc4 Ke7 18. b4 a6 19. h3 Kd7 20. Rhg1 Bf8 21. Rab1 g6 22. a3 {[%cal Ba2a3,Ba3a4][%mdl 32]} Ne7 23. Kd2 Rb5 24. Bc5 Nf5 25. a4 {Threatens to win with Bxf8.} Bh6+ {[#]} 26. Ke2 (26. Kc2 $1 $16 Rbb8 27. Rg4) 26... Rbb8 $11 27. Be3 (27. h4 {keeps more tension.} Bf4 28. a5 Rb5 29. Ne3 Bd6 30. d4) 27... Bf8 28. Rgd1 (28. Nd2 {with more complications.} Bd6 29. f4 Ke8 30. Nb3 Kd7 31. d4) 28... Ne7 29. Kd2 Nd5 30. Kc2 Be7 31. Re1 g5 32. Rg1 Rg8 33. Rg2 Rg6 34. Rd1 (34. h4 $1 $14) 34... Rh6 35. Rh1 Rh4 36. Nd2 $2 (36. Rg4 $11) 36... a5 $17 37. c4 (37. Rg4 $17 {was necessary.} axb4 {[%mdl 64] Discovered Attack} 38. Rxh4 gxh4 39. Ra1) 37... Nxb4+ $19 38. Kc3 c5 39. Nb3 Kc6 40. Rgg1 (40. d4 $142) 40... e5 41. Rd1 (41. Rg4 $142) 41... Kb6 42. Kd2 Rd8 43. Ke2 f5 44. Bc1 Rd6 45. Bb2 Rdh6 46. Rdg1 e4 47. fxe4 fxe4 48. d4 Rxh3 49. dxc5+ Bxc5 50. Rxh3 Rxh3 51. Nxc5 Kxc5 52. Rxg5+ Kxc4 53. Rxa5 {[%mdl 4096] Endgame KRB-KRN} Nd3 54. Bg7 Rf3 55. Ra7 Rxf2+ 56. Ke3 Rf7 57. Bh6 Kd5 58. a5 Rf3+ 59. Kd2 Rh3 60. Be3 Ne5 {Strongly threatening ...Nc4+.} 61. Bf4 Nc4+ (61... Nf3+ $19 62. Kd1 Rh1+ 63. Ke2 Nd4+ 64. Kf2 c5) 62. Ke2 c6 63. a6 Ra3 64. Rxh7 Rxa6 65. Rd7+ Ke6 66. Rd4 $2 {[#] This costs White the game.} (66. Rd8 $17) 66... Kf5 $1 {aiming for ...Ra2+.} 67. Rxc4 $2 (67. Bh6 Ra2+ 68. Ke1 Ra1+ 69. Ke2 Ra2+ 70. Ke1) 67... Kxf4 {KR-KR} 68. Rc2 Ke5 69. Ke3 Ra3+ {Black mates.} 70. Ke2 Kd5 71. Rd2+ Ke6 72. Rc2 Kd6 73. Rd2+ Rd3 74. Ra2 c5 75. Ra8 Kd5 76. Rd8+ Kc4 77. Re8 Kd4 78. Rd8+ Kc3 79. Re8 e3 80. Ra8 c4 81. Rb8 Kc2 82. Rc8 c3 83. Rb8 Rd5 84. Kxe3 Kc1 85. Rc8 c2 86. Ke2 Rd7 87. Rh8 Rb7 88. Kd3 Kb1 {Weighted Error Value: White=0.23/Black=0.14} 0-1

[Event "76th ARM-ch Women 2021"]
[Site "Yerevan"]
[Date "2021.02.23"]
[Round "7.5"]
[White "Khachatryan, Anna"]
[Black "Ghukasyan, Siranush"]
[Result "1/2-1/2"]
[WhiteElo "2086"]
[BlackElo "2222"]
[Annotator "TA"]
[PlyCount "109"]
[EventDate "2021.02.16"]
[EventType "tourn"]
[EventCountry "ARM"]
[SourceTitle "playchess.com"]
[Source "ChessBase"]
[SourceQuality "1"]

{[%evp 9,109,20,20,20,20,14,27,14,0,0,37,23,40,18,22,0,0,0,0,0,0,0,20,4,31,0,5,0,0,-4,0,-21,0,0,0,0,0,-1,0,-17,-16,-30,-26,-38,-25,-28,-25,-37,-8,-26,0,0,0,-27,-14,-14,-17,-102,-110,-109,-84,-104,-105,-152,-153,-156,-96,-167,-150,-280,-267,-277,-277,-260,-279,-289,-243,-586,-586,-576,-28,-544,-553,-698,-694,-670,-39,0,-37,-32,-35,-48,-60,-29,0,0,0,-34,0,0,0,-61]} 1. Nf3 d5 2. c4 d4 3. g3 Nf6 4. b4 Bg4 5. Bg2 c6 6. d3 {A09: Réti Opening: 1 Nf3 d5 2 c4.} Bxf3 7. Bxf3 e5 8. Qb3 {[#] White has an edge.} a5 $146 ({Predecessor:} 8... Be7 9. Nd2 Na6 10. a3 Qd7 11. O-O O-O 12. Ne4 Nxe4 13. Bxe4 f5 14. Bg2 Qe6 15. Rb1 Rac8 16. Re1 f4 17. Bd2 Bg5 18. Qb2 fxg3 19. hxg3 {½-½ (19) Mueller,D-Kraemer,F (1866) Bad Zwischenahn 2008}) 9. b5 a4 10. Qb2 Qc7 11. O-O Bc5 12. Na3 O-O 13. Nc2 Nbd7 14. Rb1 Qd6 15. Bd2 Rfe8 16. Bg2 Nb6 17. bxc6 bxc6 18. Bb4 {Bxc5 is the strong threat.} Nbd7 19. Bxc5 Nxc5 20. Qa3 Nfd7 21. Bh3 Qh6 22. Bg2 Qd6 23. Nb4 Rec8 24. Qc1 Rab8 25. Qd2 Rb6 26. Nc2 Rcb8 27. Rxb6 Rxb6 28. Qa5 Qb8 29. a3 Ra6 30. Qb4 Rb6 $36 {[%mdl 2048] White is under pressure.} 31. Qa5 Nb3 32. Qe1 c5 33. f4 (33. e3 $11) 33... exf4 $17 34. gxf4 Nf6 35. e4 {[#]} dxe3 $1 36. Qxe3 Re6 37. Qf2 Qd6 ({Better is} 37... Qd8 38. f5 Rd6) 38. Rd1 (38. f5 $17 Re7 39. Qg3) 38... Nd4 39. Ne3 (39. Nxd4 $17 cxd4 40. Rb1) 39... Qe7 $19 40. Nd5 Nxd5 41. cxd5 Re2 42. Qg3 Nf5 43. Qh3 (43. d6 {nothing else works.} Nxd6 44. f5) 43... Re1+ 44. Rxe1 Qxe1+ 45. Bf1 g6 46. Qf3 Ne3 47. d6 {And now d7 would win.} Kf8 $2 (47... Nxf1 $19 48. Qxf1 Qe6) 48. d7 $1 $15 {[%cal Rd7d8]} Ke7 49. Qe4+ Kxd7 {[%csl Ge3][%cal Re1f1]} 50. Qxa4+ Kc7 {[%csl Ge3][%cal Re1f1]} 51. Qa7+ {[%mdl 64] [#] Double Attack} Kc6 {[%csl Ge3][%cal Re1f1]} 52. Qa6+ Kc7 {[%csl Ge3][%cal Re1f1]} 53. Qa7+ {[%mdl 64] Double Attack} Kc6 {[%csl Ge3][%cal Re1f1]} 54. Qa6+ Kc7 (54... Kd5 $11 55. Qa8+ Ke6 56. Qe8+ Kf5 57. Qxf7+ {[%mdl 64] Double Attack} Kg4 58. Qe6+ Kxf4 59. Qe4+ Kg5 60. Qe5+ Kg4 61. Qe4+ Kh5 62. Qe5+ g5 63. Qe8+ Kh6 64. Qf8+ Kh5) 55. Qa7+ {[%mdl 64] Double Attack. And White is the lucky defender.  Weighted Error Value: White=0.24/Black=0.21} 1/2-1/2

[Event "76th ARM-ch Women 2021"]
[Site "Yerevan"]
[Date "2021.02.24"]
[Round "8.1"]
[White "Hakobyan, Astghik"]
[Black "Khachatryan, Anna"]
[Result "1-0"]
[WhiteElo "1820"]
[BlackElo "2086"]
[Annotator "TA"]
[PlyCount "53"]
[EventDate "2021.02.16"]
[EventType "tourn"]
[EventCountry "ARM"]
[SourceTitle "playchess.com"]
[Source "ChessBase"]
[SourceQuality "1"]

{[%evp 21,52,-16,37,33,42,46,51,43,43,15,62,48,62,64,185,189,174,181,145,43,358,270,284,272,277,286,285,271,29987,750,29988,29989,29999]} 1. e4 c5 2. Nf3 d6 3. d4 cxd4 4. Nxd4 Nf6 5. Nc3 a6 6. Be3 Ng4 7. Bc1 Nf6 8. f3 e6 9. Be3 b5 10. Qd2 Nbd7 11. g4 Nb6 {Recently 11...Qc7 got a lot of attention.} (11... h6 $11) 12. a4 {B80: Sicilian Scheveningen: 6 g3 and 6 Be3, including English Attack.} Nc4 13. Bxc4 bxc4 14. a5 {White is slightly better.} Bb7 15. Na4 Nd7 16. O-O-O $1 Rc8 17. Qc3 {[#]} d5 $146 (17... Be7 $14) ({Predecessor:} 17... Be7 18. h4 Bxh4 19. Ne2 Bf6 20. Bd4 e5 21. Be3 Be7 22. Kb1 Qc7 23. Nb6 Nxb6 24. axb6 Qd7 25. Rh5 f6 26. Ng3 g6 27. Rh2 O-O 28. Rhd2 {½-½ (26) Leko,P (2749)-Kasparov,G (2804) Linares 2005}) 18. exd5 $18 Bxd5 {[#]} 19. Nf5 $1 {[%mdl 512] Black must now prevent Rxd5!} Qf6 {[#] aiming for ...Qxc3.} 20. Qd2 Bc6 $2 {[%mdl 8192] [#]} (20... c3 $1 $14 21. Nxc3 Qxc3 22. bxc3 Ba3+ 23. Kb1 Rb8+ 24. Bb6 Nxb6 25. Nxg7+ (25. axb6 $2 Rxb6+ 26. Ka1 Bb2+ 27. Kb1 Bxc3+ 28. Kc1 Bxd2+ 29. Rxd2 Ba2 $19) 25... Kd7) 21. Bg5 $1 Qe5 {[#]} 22. Rhe1 $1 c3 23. Nxc3 Qxa5 24. Qd4 Bb4 $2 (24... Rg8 $18 25. Qc4 Nc5) 25. Nxg7+ Kf8 26. Nxe6+ {[%mdl 64] Discovered Attack} Kg8 27. Qg7# {Weighted Error Value: White=0.16/Black=0.87} 1-0

[Event "76th ARM-ch Women 2021"]
[Site "Yerevan"]
[Date "2021.02.24"]
[Round "8.2"]
[White "Khachatryan, Veronika"]
[Black "Mkrtchyan, Mariam"]
[Result "0-1"]
[WhiteElo "1767"]
[BlackElo "2075"]
[Annotator "TA"]
[PlyCount "76"]
[EventDate "2021.02.16"]
[EventType "tourn"]
[EventCountry "ARM"]
[SourceTitle "playchess.com"]
[Source "ChessBase"]
[SourceQuality "1"]

{[%evp 22,76,-18,-11,0,-10,-18,-50,-40,-44,-28,-28,-39,-58,-47,-41,-62,-54,0,-8,-47,-82,-52,-79,0,0,0,0,0,-55,-71,-159,-158,-150,-147,-147,-147,-155,-150,-160,-156,-143,-141,-158,-148,-264,-269,-277,-273,-268,-251,-654,-646,-639,-637,-622,-615]} 1. c4 e5 2. Nc3 d6 3. g3 g6 4. Bg2 Bg7 5. d3 f5 6. Nf3 Nf6 7. O-O O-O 8. Rb1 Nc6 9. b4 {[%cal Bb2b4,Bb4b5][%mdl 32]} h6 10. c5 Be6 11. b5 Ne7 12. Ba3 g5 {A26: English Opening vs King's Indian with ...Nc6 and d3.} 13. cxd6 cxd6 14. Qa4 Ng6 {Black is slightly better.} 15. Qb4 {[#]} g4 $146 ({Predecessor:} 15... d5 16. Qd6 Qe8 17. Na4 Rd8 18. Qb4 b6 19. Bb2 d4 20. Nd2 Bxa2 21. Ra1 Bd5 22. Bxd5+ Nxd5 {0-1 (28) Jurkovic,H (2390)-Zelic,M (2345) Zadar 1996}) 16. Nd2 d5 $1 17. Qd6 Qxd6 18. Bxd6 Rfd8 19. Bb4 d4 20. Na4 Bxa2 21. Bxb7 {Hoping for Ra1.} Rab8 $36 {[%mdl 2048] Black has good play.} 22. Ba5 Rf8 (22... Bxb1 $17 23. Rxb1 Re8) 23. Nc5 $11 Bxb1 24. Rxb1 Rf7 {Strongly threatening ...Bf8.} 25. Bc6 ({White should try} 25. Bg2 $11) 25... Ne7 $15 26. Na6 ({Better is} 26. Bg2) 26... Nxc6 $17 27. bxc6 Rxb1+ 28. Nxb1 Nd5 29. c7 {[#]} Ne7 30. Na3 Nc8 31. Nc4 Bf8 32. Nxe5 Re7 33. Nc6 (33. f4 $17) 33... Rxe2 $19 34. Nxd4 Ra2 35. Nc6 Kf7 36. Nab4 $2 {[#]} (36. Ne5+ Ke6 37. Nc4) 36... Rxa5 $1 {[%mdl 576] Remove Defender, Deflection. Black is clearly winning.} 37. Nxa5 Bxb4 38. Nc4 a5 {Weighted Error Value: White=0.40/Black=0.09} 0-1

[Event "76th ARM-ch Women 2021"]
[Site "Yerevan"]
[Date "2021.02.24"]
[Round "8.3"]
[White "Avetisyan, Mariam"]
[Black "Gevorgyan, Maria"]
[Result "0-1"]
[WhiteElo "2092"]
[BlackElo "2228"]
[Annotator "TA"]
[PlyCount "104"]
[EventDate "2021.02.16"]
[EventType "tourn"]
[EventCountry "ARM"]
[SourceTitle "playchess.com"]
[Source "ChessBase"]
[SourceQuality "1"]

{[%evp 12,104,44,39,67,52,58,38,41,42,50,14,30,-25,17,10,6,15,27,-19,24,18,22,25,32,-16,39,31,41,52,33,0,13,22,59,0,11,0,95,8,13,-23,-18,-124,0,-56,-12,-161,-141,-160,-172,-171,-141,-246,-250,-249,-224,-512,-447,-670,-665,-637,-558,-528,-484,-479,-471,-459,-453,-424,-376,-332,-321,-373,-380,-525,-518,-611,-599,-608,-611,-611,-611,-611,-607,-597,-597,-588,-589,-928,-992,-1011,-748,-29991,-29992]} 1. d4 Nf6 2. Nf3 c5 3. d5 g6 4. Nc3 Bg7 5. e4 d6 6. Bb5+ Bd7 7. a4 a6 {A43: Schmid Benoni.} 8. Bd3 Bg4 9. h3 Bxf3 {White is slightly better.} 10. Qxf3 Nbd7 11. Qe2 {[#]} O-O $146 ({Predecessor:} 11... Ne5 12. f4 Nxd3+ 13. Qxd3 O-O 14. O-O Qc7 15. a5 Nd7 16. Be3 Rfb8 17. Ra2 b6 18. axb6 Rxb6 19. Na4 Rb4 20. Bd2 Rbb8 21. Bc3 Bxc3 22. Nxc3 {½-½ (34) Egartner,W (2128)-Pilz,D (2303) Austria 2005}) 12. f4 (12. Bc4 $142) 12... e6 13. dxe6 fxe6 14. O-O Kh8 15. Bc4 Qe7 (15... d5 $5 16. exd5 Nb6 $11) 16. Bd2 Rae8 17. Rae1 Qd8 18. Qd1 Nb6 (18... d5 $11 19. Ba2 (19. exd5 Nb6 $11) 19... Nxe4 20. Nxe4 dxe4) 19. Be2 $14 d5 20. e5 Ng8 21. Bg4 Nh6 22. b3 Nc8 23. Qa1 (23. a5 $14) 23... Qh4 24. Qd1 g5 (24... Qd8 $11) 25. a5 ({Of course not} 25. fxg5 Nxg4 26. Qxg4 Rxf1+ 27. Rxf1 Qxg4 $15) (25. Bh5 $16 Rd8 26. fxg5 Rxf1+ 27. Rxf1 Qd4+ 28. Kh1) 25... gxf4 $11 26. Bxf4 Nxg4 27. hxg4 (27. Qxg4 $11 Qxg4 28. hxg4) 27... Qd8 (27... Ne7 $17 {Threatens to win with ...Ng6.} 28. g3 Qh3) 28. Qd3 ({White should try} 28. Re3 $11) 28... Ne7 {next ...Ng6 is good for Black.} 29. g3 {[#] This move loses the game for White.} (29. Bg5 $11 {and White is okay.}) 29... Ng6 $1 $19 ({Resist} 29... Qxa5 30. Kg2 $15) 30. Re2 Qxa5 31. Rh2 {Intending Qxg6 and mate.} Kg8 32. Rff2 (32. Rh5 $17 {was worth a try.}) 32... Rf7 33. Rh5 b5 {[%cal Bb7b5,Bb5b4][%mdl 32]} 34. Rfh2 $2 (34. Rf1) 34... c4 35. Qd4 (35. Qe3 $142 Qa1+ 36. Kf2) 35... Qa1+ 36. Kg2 b4 37. Ne2 Qxd4 38. Nxd4 Nxf4+ 39. gxf4 Rxf4 40. Nc6 cxb3 41. cxb3 Rxg4+ 42. Kh3 Rg1 43. Rf2 Rc1 44. Nxb4 Rb8 45. Nc2 Rh1+ 46. Kg4 Rxh5 47. Kxh5 Rxb3 {KRB-KRN} 48. Nd4 Re3 49. Nc6 Bxe5 50. Ra2 Re4 51. Kg5 Kg7 {[#] ( -> ...Bf6+)} 52. Rf2 Bg3 {Weighted Error Value: White=0.52/Black=0.19} 0-1

[Event "76th ARM-ch Women 2021"]
[Site "Yerevan"]
[Date "2021.02.24"]
[Round "8.4"]
[White "Arakelyan, Nare"]
[Black "Gaboyan, Susanna"]
[Result "0-1"]
[WhiteElo "1953"]
[BlackElo "2211"]
[Annotator "TA"]
[PlyCount "42"]
[EventDate "2021.02.16"]
[EventType "tourn"]
[EventCountry "ARM"]
[SourceTitle "playchess.com"]
[Source "ChessBase"]
[SourceQuality "1"]

{[%evp 16,42,24,-7,0,-14,-6,-36,-37,-57,-54,-81,-74,-109,-104,-154,-157,-235,-224,-421,-428,-736,-741,-1089,-1084,-1047,-1058,-1833,-1831]} 1. e4 d6 2. d4 Nc6 3. Nf3 e5 4. Bb5 exd4 5. Nxd4 Bd7 6. Bxc6 bxc6 7. O-O g6 8. Nc3 Bg7 9. f4 c5 {C62: Ruy Lopez: Steinitz Defence.} 10. Nf3 Ne7 11. e5 Bc6 {[#] Black is slightly better.} 12. Qe2 $146 ({Predecessor:} 12. Re1 O-O 13. Be3 Rb8 14. Rb1 Re8 15. Bf2 Nf5 16. a3 a6 17. Ne4 Bxe4 18. Rxe4 {1-0 (38) Mkrtchyan,L (1964)-Santamaria Baeza,A (1796) Madrid 2017}) 12... O-O 13. Bd2 Nf5 14. Rad1 Nd4 15. Nxd4 cxd4 {[%cal Bc5d4,Bd4d3,Bd3c2][%mdl 32]} 16. Nb5 (16. Ne4 $17) 16... dxe5 $19 {Threatens to win with ...d3!} 17. fxe5 $2 {[#]} (17. a4) 17... d3 $1 {[%cal Rd3e2] Black is clearly winning.} 18. Qf2 (18. cxd3 $142 Bxb5 19. Rfe1) 18... dxc2 19. Rde1 Bxb5 20. Bb4 Bxf1 21. Rxf1 Qd1 {Black took control after the opening.  Weighted Error Value: White=1.25/Black=0.01} 0-1